[Event "22nd Hogeschool Zeeland Tournament 2018"]
[Site "Vlissingen"]
[Date "2018.08.05"]
[Round "2.1"]
[White "Mareco, Sandro"]
[Black "Hesse, Henrik"]
[Result "1-0"]
[WhiteElo "2643"]
[BlackElo "2137"]
[PlyCount "83"]
[EventDate "2018.08.05"]
[EventCountry "NED"]
[SourceDate "2018.08.05"]

1. c4 Nf6 2. Nc3 e6 3. Nf3 d5 4. d4 dxc4 5. e4 Bb4 6. Bxc4 Nxe4 7. O-O Bxc3 8.
bxc3 Nxc3 9. Qd3 Nd5 10. Ba3 Nc6 11. Rfe1 Nce7 12. Rac1 c6 13. Ng5 h6 14. Ne4
O-O 15. Bb3 b5 16. Bc5 a5 17. Bc2 f5 18. Nd2 Rf6 19. Nf3 Ng6 20. Qd2 Ngf4 21.
Ne5 Qe8 22. Bd1 g5 23. g3 Nh3+ 24. Kg2 g4 25. f3 h5 26. Rf1 f4 27. fxg4 Ne3+
28. Qxe3 fxe3 29. Rxf6 hxg4 30. Rg6+ Kh8 31. Bxg4 Nf2 32. Bh5 Kh7 33. Rg7+ Kxg7
34. Bxe8 Bb7 35. Bh5 Rh8 36. Bf3 Nh3 37. Be7 Re8 38. Bh4 Nf2 39. Re1 c5 40.
dxc5 Bxf3+ 41. Kxf3 Rf8+ 42. Kxe3 1-0

[Event "22nd Hogeschool Zeeland Tournament 2018"]
[Site "Vlissingen"]
[Date "2018.08.05"]
[Round "2.2"]
[White "Bressy, Theo"]
[Black "Iturrizaga Bonelli, Eduard"]
[Result "0-1"]
[WhiteElo "2140"]
[BlackElo "2640"]
[PlyCount "109"]
[EventDate "2018.08.05"]
[EventCountry "NED"]
[SourceDate "2018.08.05"]

1. Nf3 c5 2. e4 e6 3. d4 cxd4 4. Nxd4 a6 5. Bd3 Qc7 6. O-O Nf6 7. Nc3 Be7 8. a4
d6 9. Nb3 b6 10. Qf3 O-O 11. Re1 Bb7 12. Qg3 Re8 13. Be3 Nbd7 14. a5 b5 15. f3
Rac8 16. Bd4 Ne5 17. f4 Nc6 18. Bb6 Qb8 19. Nd4 Nb4 20. Nf3 Nd7 21. Bd4 e5 22.
Be3 Nc5 23. Rad1 Bf6 24. fxe5 dxe5 25. Qf2 Qc7 26. g4 Red8 27. g5 Be7 28. Bf1
Rxd1 29. Rxd1 Nxe4 30. Nxe4 Bxe4 31. Bb6 Qxc2 32. Rd2 Qb3 33. Nxe5 Qe6 34. Qf4
Ba8 35. Re2 Nd5 36. Qg3 Nxb6 37. Nd3 Qd7 38. Bh3 Qd4+ 39. Kf1 Be4 40. axb6 Bxd3
41. Bxc8 Bxe2+ 42. Kxe2 Qc4+ 43. Kf3 Qxc8 44. Qc7 Qd8 45. Qc6 Bd6 46. b7 Bc7
47. Qxa6 Qd5+ 48. Kf2 Qf5+ 49. Ke2 Qe6+ 50. Qxe6 fxe6 51. Kd3 Bxh2 52. Kd4 h5
53. gxh6 gxh6 54. Kc5 h5 55. Kd4 0-1

[Event "22nd Hogeschool Zeeland Tournament 2018"]
[Site "Vlissingen"]
[Date "2018.08.05"]
[Round "2.3"]
[White "Van Foreest, Jorden"]
[Black "Merbis, Max"]
[Result "1-0"]
[WhiteElo "2636"]
[BlackElo "2136"]
[PlyCount "69"]
[EventDate "2018.08.05"]
[EventCountry "NED"]
[SourceDate "2018.08.05"]

1. e4 e5 2. Nf3 Nc6 3. Bb5 a6 4. Ba4 Nf6 5. d3 b5 6. Bb3 Be7 7. O-O d6 8. a3
O-O 9. Nc3 Be6 10. Nd5 h6 11. c3 Re8 12. Be3 Bf8 13. Nd2 Ng4 14. a4 Qd7 15. h3
Nxe3 16. Nxe3 Bxb3 17. Qxb3 Ne7 18. Ra2 c6 19. Rfa1 Rab8 20. axb5 axb5 21. h4
Ng6 22. g3 Be7 23. Nf5 Rb7 24. Nf1 Nf8 25. Ra6 Bf6 26. Qa3 Rd8 27. N1e3 h5 28.
d4 Qc7 29. d5 c5 30. Qa5 Qxa5 31. R1xa5 Rbd7 32. Nc2 g6 33. Nfe3 Rb8 34. Na3 b4
35. Rb5 1-0

[Event "22nd Hogeschool Zeeland Tournament 2018"]
[Site "Vlissingen"]
[Date "2018.08.05"]
[Round "2.4"]
[White "Elgersma, Simon"]
[Black "Chanda, Sandipan"]
[Result "1-0"]
[WhiteElo "2136"]
[BlackElo "2553"]
[PlyCount "69"]
[EventDate "2018.08.05"]
[EventCountry "NED"]
[SourceDate "2018.08.05"]

1. e4 g6 2. d4 Bg7 3. Nc3 c6 4. Nf3 d6 5. Be3 Nf6 6. h3 O-O 7. Bd3 Nbd7 8. O-O
e5 9. a4 b6 10. Qd2 Bb7 11. Rad1 exd4 12. Nxd4 Re8 13. Bh6 Bh8 14. Nf3 Qc7 15.
Rfe1 Rad8 16. Qf4 Nc5 17. Qh4 Nxd3 18. cxd3 Nd7 19. d4 a6 20. Bf4 Nf8 21. e5
dxe5 22. Nxe5 f6 23. Ng4 Qd7 24. Ne4 Rxe4 25. Nh6+ Kg7 26. Rxe4 Re8 27. Rxe8
Qxe8 28. Ng4 Nd7 29. Bd2 h5 30. Re1 Qd8 31. Qg3 Nf8 32. Nxf6 c5 33. Nxh5+ Kg8
34. Nf4 Kh7 35. Ne6 1-0

[Event "22nd Hogeschool Zeeland Tournament 2018"]
[Site "Vlissingen"]
[Date "2018.08.05"]
[Round "2.5"]
[White "Ikonnikov, Vyacheslav"]
[Black "Boelhouwer, Collin"]
[Result "1-0"]
[WhiteElo "2546"]
[BlackElo "2128"]
[PlyCount "47"]
[EventDate "2018.08.05"]
[EventCountry "NED"]
[SourceDate "2018.08.05"]

1. d4 Nf6 2. Nf3 e6 3. c4 Bb4+ 4. Bd2 c5 5. Bxb4 cxb4 6. g3 O-O 7. Bg2 d6 8.
Nbd2 a5 9. O-O Qc7 10. Rc1 Na6 11. Qc2 e5 12. e3 h6 13. Nh4 Be6 14. f4 Rac8 15.
b3 Bd7 16. fxe5 dxe5 17. Rxf6 gxf6 18. Ne4 Qd8 19. Rf1 f5 20. Nxf5 exd4 21.
Nxh6+ Kg7 22. Nf6 Rh8 23. Nxf7 Qe7 24. Nd5 1-0

[Event "22nd Hogeschool Zeeland Tournament 2018"]
[Site "Vlissingen"]
[Date "2018.08.05"]
[Round "2.6"]
[White "De Boer, Bas"]
[Black "Zeng, Chongsheng"]
[Result "0-1"]
[WhiteElo "2129"]
[BlackElo "2539"]
[PlyCount "82"]
[EventDate "2018.08.05"]
[EventCountry "NED"]
[SourceDate "2018.08.05"]

1. Nf3 d5 2. e3 Nf6 3. c4 e6 4. Nc3 Be7 5. b3 O-O 6. Bb2 Nbd7 7. d4 b6 8. Bd3
Bb7 9. O-O Re8 10. cxd5 exd5 11. Rc1 a6 12. Ne2 Bd6 13. Ng3 g6 14. Qc2 Ng4 15.
Rfe1 f5 16. Ne2 Rc8 17. Nf4 Qe7 18. h3 Ngf6 19. Qe2 Ra8 20. g3 Ne4 21. h4 Qg7
22. Kg2 Re7 23. Rh1 Qh6 24. a3 c5 25. Rcd1 Nef6 26. Ng5 c4 27. Bc2 b5 28. Ra1
Rae8 29. b4 Ng4 30. Bc1 Qg7 31. Qf3 Ndf6 32. Bd2 h6 33. Ngh3 Ne4 34. Bxe4 dxe4
35. Qd1 g5 36. hxg5 hxg5 37. Ne2 f4 38. gxf4 gxf4 39. Kf1 fxe3 40. Bxe3 Nh2+
41. Ke1 Qg2 0-1

[Event "22nd Hogeschool Zeeland Tournament 2018"]
[Site "Vlissingen"]
[Date "2018.08.05"]
[Round "2.8"]
[White "Nachbar, Benjamin"]
[Black "Hausrath, Daniel"]
[Result "0-1"]
[WhiteElo "2123"]
[BlackElo "2502"]
[PlyCount "128"]
[EventDate "2018.08.05"]
[EventCountry "NED"]
[SourceDate "2018.08.05"]

1. d4 d5 2. Nf3 Nf6 3. c4 e6 4. Bg5 Be7 5. e3 h6 6. Bh4 O-O 7. Nc3 Ne4 8. Bxe7
Qxe7 9. Bd3 Nxc3 10. bxc3 dxc4 11. Bxc4 b6 12. O-O Nd7 13. Qe2 c5 14. Ba6 Rd8
15. a4 e5 16. dxe5 Nxe5 17. Nxe5 Qxe5 18. Bxc8 Raxc8 19. c4 Rc6 20. a5 Rcd6 21.
axb6 axb6 22. Rad1 Qe4 23. Rxd6 Rxd6 24. h3 f5 25. Rc1 f4 26. Qc2 Qxc2 27. Rxc2
Rd1+ 28. Kh2 fxe3 29. fxe3 Rd3 30. Kg3 Rxe3+ 31. Kf4 Re6 32. g4 Kf7 33. h4 Rd6
34. Re2 Kf6 35. Re4 Rd3 36. g5+ hxg5+ 37. hxg5+ Kf7 38. Kf5 Rg3 39. Re1 g6+ 40.
Kf4 Rc3 41. Re4 Rd3 42. Ke5 Rg3 43. Kf4 Rg1 44. Re2 Rf1+ 45. Kg4 Rd1 46. Rf2+
Ke7 47. Rf6 Rd6 48. Rf4 Re6 49. Kf3 Kd6 50. Rf8 Ke5 51. Rf7 Rd6 52. Ke3 Rd4 53.
Rf6 Rxc4 54. Rxg6 b5 55. Rb6 b4 56. g6 Rg4 57. Rc6 Kd5 58. Rf6 b3 59. Rf5+ Kc6
60. Kd3 Kb5 61. Kc3 Rg3+ 62. Kb2 Kb4 63. Rf6 Rg2+ 64. Ka1 c4 0-1

[Event "22nd Hogeschool Zeeland Tournament 2018"]
[Site "Vlissingen"]
[Date "2018.08.05"]
[Round "2.9"]
[White "Wan, Yunguo"]
[Black "Boulahfa, Hicham"]
[Result "1-0"]
[WhiteElo "2500"]
[BlackElo "2074"]
[PlyCount "39"]
[EventDate "2018.08.05"]
[EventCountry "NED"]
[SourceDate "2018.08.05"]

1. e4 c5 2. Nf3 Nc6 3. d4 cxd4 4. Nxd4 g6 5. c4 Bg7 6. Be3 Nf6 7. Nc3 Ng4 8.
Qxg4 Nxd4 9. Qd1 e5 10. Bd3 O-O 11. O-O d6 12. Qd2 Be6 13. Bxd4 exd4 14. Nd5 g5
15. g3 g4 16. h3 h5 17. hxg4 h4 18. f4 Bxg4 19. f5 hxg3 20. f6 1-0

[Event "22nd Hogeschool Zeeland Tournament 2018"]
[Site "Vlissingen"]
[Date "2018.08.05"]
[Round "2.10"]
[White "Oosterom, Erik"]
[Black "Henrichs, Thomas"]
[Result "0-1"]
[WhiteElo "2113"]
[BlackElo "2486"]
[PlyCount "55"]
[EventDate "2018.08.05"]
[EventCountry "NED"]
[SourceDate "2018.08.05"]

1. Nf3 Nf6 2. c4 g6 3. Nc3 Bg7 4. e4 d6 5. d4 O-O 6. Be2 e5 7. d5 a5 8. Bg5 h6
9. Bh4 Na6 10. Nd2 Bd7 11. O-O Qe8 12. Bxf6 Bxf6 13. Bg4 c6 14. Bxd7 Qxd7 15.
a3 Rfc8 16. Qe2 Bd8 17. Kh1 Bb6 18. dxc6 bxc6 19. Rac1 Nc5 20. b4 axb4 21. axb4
Ne6 22. b5 Nf4 23. bxc6 Qxc6 24. Qf3 Bd4 25. g3 Bxc3 26. Rxc3 Ne6 27. Nb3 Ng5
28. Qe2 0-1

[Event "22nd Hogeschool Zeeland Tournament 2018"]
[Site "Vlissingen"]
[Date "2018.08.05"]
[Round "2.11"]
[White "Admiraal, Miguoel"]
[Black "Rosmuller, Anton"]
[Result "1-0"]
[WhiteElo "2479"]
[BlackElo "2069"]
[PlyCount "45"]
[EventDate "2018.08.05"]
[EventCountry "NED"]
[SourceDate "2018.08.05"]

1. d4 g6 2. e4 Bg7 3. Nf3 d6 4. Bc4 Nf6 5. Qe2 O-O 6. e5 dxe5 7. dxe5 Nd5 8. h3
Nb6 9. Bb3 Nc6 10. O-O Nd4 11. Nxd4 Qxd4 12. Re1 Be6 13. Nd2 Qd7 14. Nf3 c6 15.
Bg5 Bxb3 16. axb3 Qc7 17. c4 a6 18. b4 Rfe8 19. b3 Rac8 20. Rad1 Rcd8 21. Qe3
Nc8 22. e6 f6 23. Bf4 1-0

[Event "22nd Hogeschool Zeeland Tournament 2018"]
[Site "Vlissingen"]
[Date "2018.08.05"]
[Round "2.12"]
[White "Kalisvaart, Peter"]
[Black "Beerdsen, Thomas"]
[Result "0-1"]
[WhiteElo "2090"]
[BlackElo "2469"]
[PlyCount "66"]
[EventDate "2018.08.05"]
[EventCountry "NED"]
[SourceDate "2018.08.05"]

1. d4 Nf6 2. Bg5 d5 3. Nd2 c5 4. e3 Qb6 5. dxc5 Qxb2 6. Ngf3 Qc3 7. Bb5+ Nc6 8.
O-O a6 9. Bxc6+ bxc6 10. Nb3 Ne4 11. Qd4 f6 12. Bh4 e5 13. Qxc3 Nxc3 14. Nfd2
Bf5 15. Rfe1 a5 16. a4 Kd7 17. f3 Bxc2 18. Kf2 Bxb3 19. Nxb3 Rb8 20. Nxa5 Bxc5
21. Rec1 d4 22. Kf1 Rb4 23. Be1 Ra8 24. exd4 exd4 25. Nxc6 Kxc6 26. Bxc3 dxc3
27. Rxc3 Rbxa4 28. Rac1 R8a5 29. R1c2 Kd5 30. Rd3+ Rd4 31. Ke2 Rxd3 32. Kxd3
Ra3+ 33. Ke2 f5 0-1

[Event "22nd Hogeschool Zeeland Tournament 2018"]
[Site "Vlissingen"]
[Date "2018.08.05"]
[Round "2.13"]
[White "Romanishin, Oleg M"]
[Black "Hoeneveld, Maarten"]
[Result "1-0"]
[WhiteElo "2441"]
[BlackElo "2066"]
[PlyCount "49"]
[EventDate "2018.08.05"]
[EventCountry "NED"]
[SourceDate "2018.08.05"]

1. Nf3 Nf6 2. g3 e6 3. Bg2 d5 4. O-O Be7 5. c4 O-O 6. d4 c6 7. Nc3 Nbd7 8. Qd3
Re8 9. e4 Nf8 10. Rd1 Ng6 11. e5 dxc4 12. Qxc4 Nd5 13. Ne4 Qc7 14. Bg5 Rd8 15.
Rac1 h6 16. Bxe7 Ngxe7 17. b4 Bd7 18. Nd6 Nc8 19. Nxc8 Rdxc8 20. Ne1 a5 21. a3
Qb6 22. Nd3 axb4 23. axb4 Ra4 24. Qc5 Be8 25. Bxd5 1-0

[Event "22nd Hogeschool Zeeland Tournament 2018"]
[Site "Vlissingen"]
[Date "2018.08.05"]
[Round "2.14"]
[White "Van Liempt, Michael"]
[Black "Vrolijk, Liam"]
[Result "1/2-1/2"]
[WhiteElo "2068"]
[BlackElo "2430"]
[PlyCount "121"]
[EventDate "2018.08.05"]
[EventCountry "NED"]
[SourceDate "2018.08.05"]

1. d4 Nf6 2. c4 g6 3. Nc3 Bg7 4. e4 d6 5. Nf3 O-O 6. Be2 e5 7. O-O Nc6 8. d5
Ne7 9. b4 a5 10. Ba3 axb4 11. Bxb4 Re8 12. c5 dxc5 13. Bxc5 c6 14. dxc6 Nxc6
15. Qxd8 Rxd8 16. Bb6 Re8 17. Rac1 Bg4 18. Rfd1 Nd7 19. Be3 Red8 20. Rb1 Ra3
21. Nb5 Rxa2 22. Bc4 Ra4 23. Nd6 Rf8 24. Bb5 Raa8 25. Nxb7 Nd4 26. Bxd7 Bxd7
27. Nxd4 exd4 28. Bxd4 Ba4 29. Bxg7 Kxg7 30. Re1 Rab8 31. f3 Rfc8 32. Nd6 Rxb1
33. Rxb1 Rc3 34. Rb7 Bb3 35. Kf2 Be6 36. Rc7 Rd3 37. e5 Kf8 38. Ne4 h6 39. Kg3
Rd5 40. Rc5 Rd4 41. Ra5 g5 42. Kf2 Rb4 43. Ra8+ Kg7 44. Nf6 Rb2+ 45. Ke3 h5 46.
Nxh5+ Kg6 47. g4 Rb3+ 48. Kf2 Rxf3+ 49. Kxf3 Bd5+ 50. Ke3 Bxa8 51. Nf6 Bg2 52.
Kd4 Bf3 53. Kc5 Kg7 54. Kd6 Be2 55. Ke7 Bc4 56. Ne8+ Kg6 57. Kf8 Be2 58. Nd6 f6
59. exf6 Kxf6 60. h3 Ke5 61. Nf7+ 1/2-1/2

[Event "22nd Hogeschool Zeeland Tournament 2018"]
[Site "Vlissingen"]
[Date "2018.08.05"]
[Round "2.15"]
[White "Warmerdam, Max"]
[Black "Gorny, Michael"]
[Result "1-0"]
[WhiteElo "2421"]
[BlackElo "2062"]
[PlyCount "71"]
[EventDate "2018.08.05"]
[EventCountry "NED"]
[SourceDate "2018.08.05"]

1. e4 Nf6 2. e5 Nd5 3. d4 d6 4. Nf3 dxe5 5. Nxe5 c6 6. Be2 Bf5 7. O-O e6 8. a3
f6 9. Nf3 Bd6 10. Nh4 O-O 11. Nxf5 exf5 12. c4 Nf4 13. c5 Nxe2+ 14. Qxe2 Bc7
15. Rd1 Qe8 16. Qf3 Qe6 17. Nc3 Na6 18. b4 Rad8 19. d5 cxd5 20. Nxd5 Rfe8 21.
g3 Qe4 22. Qxe4 fxe4 23. Ra2 Kf7 24. Be3 Be5 25. Rad2 Nb8 26. b5 Rc8 27. Nb4 a6
28. bxa6 Nxa6 29. Nxa6 bxa6 30. Rb1 Rc7 31. Rb6 Re6 32. Rd8 a5 33. Ra8 Ree7 34.
Rxa5 Red7 35. Ra4 Ke7 36. Rxe4 1-0

[Event "22nd Hogeschool Zeeland Tournament 2018"]
[Site "Vlissingen"]
[Date "2018.08.05"]
[Round "2.16"]
[White "Du, Yuxin"]
[Black "Viani Antonio Dcunha"]
[Result "0-1"]
[WhiteElo "2064"]
[BlackElo "2414"]
[PlyCount "108"]
[EventDate "2018.08.05"]
[EventCountry "NED"]
[SourceDate "2018.08.05"]

1. e4 e5 2. Nf3 Nc6 3. Bc4 Nf6 4. Ng5 d5 5. exd5 Na5 6. Bb5+ c6 7. dxc6 bxc6 8.
Be2 h6 9. Nf3 e4 10. Ne5 Bd6 11. d4 exd3 12. Nxd3 Qc7 13. h3 O-O 14. O-O c5 15.
b3 c4 16. bxc4 Nxc4 17. Nd2 Bf5 18. Nxc4 Qxc4 19. Bb2 Ne4 20. Ne5 Qc7 21. Nc4
Bh2+ 22. Kh1 Rad8 23. Bd3 Nc5 24. Qf3 Bxd3 25. cxd3 Nxd3 26. Qg4 Nxb2 27. Nxb2
Be5 28. Rac1 Qb7 29. Nc4 Rd4 30. Qe2 Bf4 31. Rcd1 Rxd1 32. Rxd1 Qc6 33. Na5 Qa4
34. Nb3 Re8 35. Qc2 Qb4 36. g3 Qb7+ 37. Kh2 Bg5 38. Qf5 Re2 39. Nc5 g6 40. Nxb7
gxf5 41. Kg1 Rxa2 42. f4 Bf6 43. Rd5 Bc3 44. Nd6 a5 45. Nxf5 a4 46. Nxh6+ Kh7
47. Nxf7 Rd2 48. Ng5+ Kh6 49. Rb5 Bd4+ 50. Kf1 a3 51. Ra5 Rf2+ 52. Kg1 Rxf4+
53. Kg2 Rf2+ 54. Kh1 a2 0-1

[Event "22nd Hogeschool Zeeland Tournament 2018"]
[Site "Vlissingen"]
[Date "2018.08.05"]
[Round "2.17"]
[White "Van Delft, Merijn"]
[Black "Verwoert, Jef"]
[Result "1-0"]
[WhiteElo "2395"]
[BlackElo "2040"]
[PlyCount "89"]
[EventDate "2018.08.05"]
[EventCountry "NED"]
[SourceDate "2018.08.05"]

1. e4 c5 2. Nf3 g6 3. d4 cxd4 4. Nxd4 Nc6 5. c4 Nf6 6. Nc3 d6 7. f3 Nxd4 8.
Qxd4 Bg7 9. Be3 O-O 10. Qd2 Qa5 11. Rc1 Be6 12. b3 Rfc8 13. Bd3 a6 14. Na4
Qxd2+ 15. Kxd2 Nd7 16. g4 Rc6 17. Be2 Rac8 18. h4 Nc5 19. Nc3 Nd7 20. Nd5 Bxd5
21. exd5 R6c7 22. h5 Bb2 23. Rc2 Bg7 24. h6 Bh8 25. Rhc1 e6 26. dxe6 fxe6 27.
g5 Ne5 28. Kd1 d5 29. cxd5 Rxc2 30. Rxc2 Rxc2 31. Kxc2 exd5 32. f4 Nc6 33. Bg4
Kf7 34. Bc5 Nd4+ 35. Kd3 Nc6 36. Bc8 b6 37. Bxb6 Nb4+ 38. Kd2 Nxa2 39. Bxa6
Bc3+ 40. Kd3 Bb4 41. Bb7 Ke6 42. Bc8+ Kf7 43. Be3 Ba3 44. f5 Nc1+ 45. Kc2 1-0

[Event "22nd Hogeschool Zeeland Tournament 2018"]
[Site "Vlissingen"]
[Date "2018.08.05"]
[Round "2.19"]
[White "Shyaamnikhil P"]
[Black "Bekedam, Tyro"]
[Result "1/2-1/2"]
[WhiteElo "2389"]
[BlackElo "2019"]
[PlyCount "161"]
[EventDate "2018.08.05"]
[EventCountry "NED"]
[SourceDate "2018.08.05"]

1. e4 c5 2. f4 e6 3. Nf3 Nc6 4. Nc3 Nge7 5. d4 cxd4 6. Nxd4 Nxd4 7. Qxd4 Nc6 8.
Qf2 Qc7 9. a3 a6 10. Be3 b5 11. Bb6 Qb7 12. e5 Rb8 13. Bc5 Bxc5 14. Qxc5 Qb6
15. Ne4 Qxc5 16. Nxc5 f6 17. exf6 gxf6 18. O-O-O Ke7 19. g3 d6 20. Nb3 e5 21.
Bg2 Rb6 22. Nd2 Bg4 23. Rde1 Rc8 24. c3 b4 25. fxe5 dxe5 26. axb4 Nxb4 27. Be4
h6 28. Bb1 Nd5 29. Bc2 Rcb8 30. Nc4 Rc6 31. Ne3 Nxe3 32. Rxe3 Rcb6 33. b3 Be6
34. c4 a5 35. Rc3 Rb4 36. Kd2 a4 37. bxa4 Bxc4 38. Ra1 Bd5 39. a5 Ra8 40. a6
Ra7 41. Bd3 Kd6 42. Ke3 Rb2 43. Rf1 Ke6 44. Rf2 Rb4 45. Rd2 h5 46. Rc5 h4 47.
Bf1 Re4+ 48. Kf2 hxg3+ 49. hxg3 Ba8 50. Rb2 Ra4 51. Rb6+ Ke7 52. Bc4 Rd7 53.
Re6+ Kf7 54. Rd6+ Ke7 55. Rb6 Rd2+ 56. Ke3 Rd4 57. Rc7+ Rd7 58. Rxd7+ Kxd7 59.
Bb5+ Kc7 60. Rxf6 Ra3+ 61. Kf2 Ra2+ 62. Ke1 Ra1+ 63. Kd2 Ra2+ 64. Kc1 Rg2 65.
Rg6 Be4 66. Rg5 Kb6 67. a7 Kxb5 68. Rxe5+ Kb6 69. Rxe4 Kxa7 70. Re3 Kb6 71. Kd1
Kc5 72. Ke1 Kd4 73. Kf1 Ra2 74. Re8 Kd5 75. Kg1 Rb2 76. g4 Rb4 77. Rg8 Ke6 78.
Kg2 Kf7 79. Rg5 Kf6 80. Rg8 Kf7 81. Rg5 1/2-1/2

[Event "22nd Hogeschool Zeeland Tournament 2018"]
[Site "Vlissingen"]
[Date "2018.08.05"]
[Round "2.20"]
[White "Wagenvoorde, Guido"]
[Black "Gonzales, Jayson"]
[Result "0-1"]
[WhiteElo "2035"]
[BlackElo "2383"]
[PlyCount "110"]
[EventDate "2018.08.05"]
[EventCountry "NED"]
[SourceDate "2018.08.05"]

1. d4 d6 2. c4 e5 3. Nf3 Nd7 4. Nc3 Ngf6 5. e4 Be7 6. Be2 c6 7. O-O O-O 8. h3
a6 9. Qc2 Re8 10. d5 cxd5 11. cxd5 b5 12. b4 Nb6 13. a4 bxa4 14. Nxa4 Bd7 15.
Nc3 Qc7 16. Nd2 Rec8 17. Bb2 Qb7 18. Qd3 a5 19. bxa5 Nbxd5 20. Nxd5 Nxd5 21.
Qxd5 Qxb2 22. Rfb1 Qc3 23. a6 Be6 24. Qd3 Qc5 25. Nf1 Bd8 26. Ne3 Bb6 27. Bg4
Qd4 28. Qb5 Rc5 29. Qb2 Rc7 30. Bxe6 fxe6 31. Qa2 Kf7 32. Rd1 Qc5 33. Qe2 Qc6
34. Qf3+ Kg8 35. Qg4 Re7 36. Rac1 Bc5 37. Nc4 Qxa6 38. Rc2 Bd4 39. Rdc1 Rf8 40.
Qg3 Ref7 41. Rf1 Rf4 42. Qb3 Kh8 43. Nb2 R4f6 44. Nd3 h6 45. Qc4 Qa8 46. Qc6
Qa3 47. Qb5 d5 48. exd5 e4 49. Nc5 Rxf2 50. Rfxf2 Rxf2 51. Rxf2 Qc1+ 52. Qf1
Bxf2+ 53. Kxf2 Qxc5+ 54. Kg3 Qd6+ 55. Kf2 Qf4+ 0-1

[Event "22nd Hogeschool Zeeland Tournament 2018"]
[Site "Vlissingen"]
[Date "2018.08.05"]
[Round "2.25"]
[White "Haast, Mark"]
[Black "Reichardt, Jasper"]
[Result "1-0"]
[WhiteElo "2350"]
[BlackElo "1990"]
[PlyCount "63"]
[EventDate "2018.08.05"]
[EventCountry "NED"]
[SourceDate "2018.08.05"]

1. g3 Nf6 2. Bg2 d5 3. c4 c6 4. Nf3 g6 5. b3 Bg7 6. Bb2 O-O 7. O-O Bf5 8. d3
Qc8 9. Nbd2 Bh3 10. Rc1 Bxg2 11. Kxg2 Qf5 12. e4 dxe4 13. dxe4 Qc8 14. Qe2 Na6
15. a3 Rd8 16. e5 Ng4 17. h3 Nh6 18. Ne4 Qc7 19. b4 b6 20. Rc2 Nb8 21. Neg5 e6
22. g4 Nd7 23. Rd1 a5 24. Rcd2 axb4 25. axb4 Bf8 26. Ne4 Be7 27. Qe3 Kg7 28.
Nd6 c5 29. b5 Ng8 30. Qe4 Nf8 31. g5 Rd7 32. Qxa8 1-0

[Event "22nd Hogeschool Zeeland Tournament 2018"]
[Site "Vlissingen"]
[Date "2018.08.05"]
[Round "2.26"]
[White "Bakels, Anton"]
[Black "Mehar, Chinna Reddy C.H."]
[Result "0-1"]
[WhiteElo "2009"]
[BlackElo "2345"]
[PlyCount "51"]
[EventDate "2018.08.05"]
[EventCountry "NED"]
[SourceDate "2018.08.05"]

1. e4 g6 2. d4 Bg7 3. Nc3 d6 4. Be3 a6 5. f4 b5 6. Be2 Bb7 7. Bf3 Nd7 8. Nge2
Nb6 9. Bf2 Nf6 10. Ng3 Qc8 11. a3 O-O 12. O-O Bh6 13. Nge2 Ng4 14. Qd3 Nxf2 15.
Rxf2 e5 16. f5 exd4 17. Nxd4 Nc4 18. Nd1 Ne5 19. Qe2 Re8 20. g4 Nxf3+ 21. Qxf3
Rxe4 22. Qh3 Bg7 23. Nf3 Qe8 24. Nc3 Re3 25. g5 Bd4 26. Nxd4 0-1

[Event "22nd Hogeschool Zeeland Tournament 2018"]
[Site "Vlissingen"]
[Date "2018.08.05"]
[Round "2.27"]
[White "De Jong, Migchiel"]
[Black "Reichardt, Gert"]
[Result "1-0"]
[WhiteElo "2339"]
[BlackElo "1977"]
[PlyCount "77"]
[EventDate "2018.08.05"]
[EventCountry "NED"]
[SourceDate "2018.08.05"]

1. e4 e5 2. Nf3 Nc6 3. Bb5 a6 4. Ba4 Nf6 5. O-O Be7 6. d3 b5 7. Bb3 d6 8. a3
Bg4 9. c3 O-O 10. Nbd2 Na5 11. Ba2 c5 12. h3 Bh5 13. Re1 Qc7 14. Nf1 Rfe8 15.
Ng3 Bg6 16. Nh4 Nc6 17. Nhf5 Bf8 18. Bg5 Nd7 19. Qf3 Nb6 20. h4 h6 21. Be3 Na4
22. Re2 Nd8 23. h5 Bh7 24. Qg4 Kh8 25. Bd5 Rb8 26. f4 Nb6 27. fxe5 dxe5 28. Rf1
Ne6 29. Ref2 Qd7 30. Nxh6 Nxd5 31. exd5 Qxd5 32. Nxf7+ Kg8 33. Ne4 Bxe4 34.
dxe4 Qd3 35. h6 Kh7 36. Nxe5 Qxe3 37. Qg6+ Kg8 38. h7+ Kh8 39. Nf7# 1-0

[Event "22nd Hogeschool Zeeland Tournament 2018"]
[Site "Vlissingen"]
[Date "2018.08.05"]
[Round "2.28"]
[White "Colijn, Erik-Jan"]
[Black "Rijnaarts, Sjef"]
[Result "0-1"]
[WhiteElo "1991"]
[BlackElo "2339"]
[PlyCount "66"]
[EventDate "2018.08.05"]
[EventCountry "NED"]
[SourceDate "2018.08.05"]

1. e4 c5 2. c3 d5 3. exd5 Qxd5 4. d4 Nf6 5. Nf3 g6 6. Be2 Bg7 7. O-O O-O 8. c4
Qd6 9. dxc5 Qxd1 10. Rxd1 Ne4 11. Nc3 Nxc3 12. bxc3 Bxc3 13. Rb1 Na6 14. Be3 f5
15. Rd3 Bg7 16. c6 bxc6 17. Ra3 e5 18. c5 Nc7 19. Ng5 Bf6 20. Bc4+ Kg7 21. f4
Be7 22. Nf3 exf4 23. Bd4+ Bf6 24. Ne5 Re8 25. Nxc6 Bxd4+ 26. Nxd4 Re4 27. Rd3
Kf6 28. Nb5 Rb8 29. Rd6+ Ne6 30. Rc1 Rxc4 31. Rxc4 Rxb5 32. c6 Rb1+ 33. Kf2 Ba6
0-1

[Event "22nd Hogeschool Zeeland Tournament 2018"]
[Site "Vlissingen"]
[Date "2018.08.05"]
[Round "2.29"]
[White "Rajesh, V. A. V.."]
[Black "Van Rij, Gert"]
[Result "1-0"]
[WhiteElo "2325"]
[BlackElo "1968"]
[PlyCount "57"]
[EventDate "2018.08.05"]
[EventCountry "NED"]
[SourceDate "2018.08.05"]

1. d4 Nf6 2. c4 e6 3. Nc3 Bb4 4. e3 O-O 5. Bd3 d5 6. cxd5 exd5 7. Nge2 c5 8.
O-O c4 9. Bc2 Re8 10. b3 cxb3 11. Bxb3 Nc6 12. Bd2 Bd6 13. f3 Bf5 14. Qe1 Bg6
15. Nxd5 Nxd5 16. Bxd5 Bxh2+ 17. Kxh2 Qxd5 18. Nf4 Qd6 19. Qg3 Rac8 20. Rfc1
Qa3 21. Qg5 Ne7 22. Qb5 b6 23. Rxc8 Rxc8 24. Rc1 Rf8 25. Qb4 Qxa2 26. Qxe7 Qxd2
27. Rc7 Bf5 28. Qe5 g6 29. Nd5 1-0

[Event "22nd Hogeschool Zeeland Tournament 2018"]
[Site "Vlissingen"]
[Date "2018.08.05"]
[Round "2.30"]
[White "De Zwart, Johan"]
[Black "Lefebvre, Hervé"]
[Result "1/2-1/2"]
[WhiteElo "1982"]
[BlackElo "2304"]
[PlyCount "41"]
[EventDate "2018.08.05"]
[EventCountry "NED"]
[SourceDate "2018.08.05"]

1. e4 e5 2. Nf3 d6 3. d4 exd4 4. Nxd4 Nf6 5. Nc3 Be7 6. Be2 O-O 7. O-O Re8 8.
f3 d5 9. e5 Bc5 10. f4 Nc6 11. Be3 Bb6 12. Kh1 Ng4 13. Bxg4 Bxg4 14. Qxg4 Nxd4
15. Rac1 c5 16. Bxd4 cxd4 17. Nb5 Bc5 18. Qe2 Qd7 19. Nxd4 Qa4 20. Nb5 Qxa2 21.
Qg4 1/2-1/2

[Event "22nd Hogeschool Zeeland Tournament 2018"]
[Site "Vlissingen"]
[Date "2018.08.05"]
[Round "2.32"]
[White "De Boer, Robert"]
[Black "Aronsson, Mark"]
[Result "0-1"]
[WhiteElo "1979"]
[BlackElo "2303"]
[PlyCount "70"]
[EventDate "2018.08.05"]
[EventCountry "NED"]
[SourceDate "2018.08.05"]

1. e4 e5 2. Nf3 Nc6 3. Bc4 Nf6 4. Ng5 d5 5. exd5 Na5 6. d3 h6 7. Nf3 e4 8. Qe2
Nxc4 9. dxc4 Bc5 10. Nfd2 O-O 11. Nb3 Bg4 12. Qf1 Bb4+ 13. c3 Be7 14. h3 Bh5
15. Be3 Nd7 16. g4 Bg6 17. N1d2 Ne5 18. O-O-O b5 19. cxb5 Qxd5 20. Kb1 Nd3 21.
Nd4 a6 22. b6 cxb6 23. Nf5 Bxf5 24. gxf5 Qb5 25. Nb3 Qxf5 26. f3 Nc5 27. Nd4
Qh5 28. fxe4 Nxe4 29. Qg2 Qg6 30. Qxg6 fxg6 31. Ne6 Rf3 32. Rde1 Bh4 33. Nd4
Rf6 34. Rd1 Re8 35. Rd3 Nc5 0-1